|
|
|
|
| LEADER |
00734cam a2200229 a 4500 |
| 001 |
0000049976 |
| 005 |
20011025090000.0 |
| 040 |
|
|
|a mod
|
| 041 |
|
|
|a eng
|
| 020 |
0 |
0 |
|a 0471988324
|
| 090 |
0 |
0 |
|a 384.3
|b TVE
|
| 100 |
1 |
0 |
|a Tvede
|h Lars
|
| 245 |
1 |
0 |
|a Data broadcasting
|b the technology and the business
|c Lars Tvede
|
| 260 |
0 |
0 |
|a New York
|b John Wiley & Sons
|c 1999
|
| 300 |
0 |
0 |
|a xvi, 243p.
|b ill.
|c 23cm
|
| 650 |
0 |
0 |
|a Data transmission equipment industry
|z United States
|
| 650 |
0 |
0 |
|a Broadband communications equipment industry
|z United States
|
| 650 |
0 |
0 |
|a Broadcasting
|z United States
|
| 700 |
1 |
1 |
|a Pircher
|h Peter
|
| 700 |
1 |
1 |
|a Bodenkamp
|h Jens
|
| 852 |
0 |
0 |
|a 01
|
| 999 |
|
|
|a 0172760
|b KEMENTAH
|d BOOKS
|e Umum
|f Perpustakaan KEMENTAH
|j AVAILABLE
|q GOOD CONDITION
|